Los cuatro amores: afecto, amistad, eros, caridad

Αποθηκεύτηκε σε:
Λεπτομέρειες βιβλιογραφικής εγγραφής
Κύριος συγγραφέας: Lewis, C. S (Συγγραφέας)
Μορφή: Βιβλίο
Γλώσσα:Ισπανικά
Έκδοση: Santiago Universitaria 1988
Έκδοση:1a. ed
Σειρά:Colección El saber y la cultura
Θέματα:
Ετικέτες: Προσθήκη ετικέτας
Δεν υπάρχουν, Καταχωρήστε ετικέτα πρώτοι!

MARC

LEADER 00000cam a2200000 a 4500
001 UCW3526
003 CL-VaPUC
008 881102e19880000CL |||||||||||||||||spa|d
020 |a 9561106492 
082 0 4 |a 241.4  |b LEW  |2 21 
100 |a Lewis, C. S  |e author  |9 328236 
245 1 4 |a Los cuatro amores: afecto, amistad, eros, caridad 
250 |a 1a. ed 
300 |a 163 p 
942 |c BK 
945 |d 19881102 00:00:00 
260 |a Santiago  |b Universitaria  |c 1988 
650 0 |a Amor  |9 257817 
650 0 |a Aspectos religiosos  |9 257320 
650 0 |a Cristianismo  |9 257361 
583 |a last modification  |c 20150416 15:37:34  |k Rodrigo Vera 
490 0 |a Colección El saber y la cultura 
999 |c 217495  |d 217493 
952 |0 0  |1 2  |4 0  |6 241_400000000000000_LEW_1988  |7 0  |8 A  |9 205206  |a BIBTEO  |b BIBTEO  |d 2019-11-15  |i 2841002  |o 241.4 LEW 1988  |p 2841002  |r 2019-11-15  |w 2019-11-15  |y BK  |k ICR 
952 |0 0  |1 0  |3 erb  |4 0  |6 241_400000000000000_LEW_1988  |7 0  |8 P  |9 205207  |a BIBEDU  |b BIBEDU  |c BIBEDU_PB  |i 5158451  |o 241.4 LEW 1988  |p 5158451  |r 2024-01-25  |w 2019-11-15  |y BK  |z Catalogado en:20150409  |k FIL